| 000 | 00431nam a2200169Ia 4500 | ||
|---|---|---|---|
| 005 | 20250120005431.0 | ||
| 008 | 240331s9999 xx 000 0 und d | ||
| 020 | _a9558309133 | ||
| 082 |
_bSEN _25500 _a305.23 |
||
| 245 | 4 |
_aCSEC: _bThe Crime Against Children |
|
| 260 |
_bThe P.E.A.C.E. Campaign _c2006 |
||
| 300 | _a249 p., | ||
| 650 | _aChildren | ||
| 650 | _aSexual Exploitation | ||
| 700 |
_aSeneviratne, M _eedt |
||
| 942 | _cL | ||
| 999 |
_c1532 _d1532 |
||